Albanian - English dictionary / (Record no. 6082)

MARC details
000 -LEADER
fixed length control field 01059cam a22003375a 4500
003 - CONTROL NUMBER IDENTIFIER
control field EG-ScBUE
005 - DATE AND TIME OF LATEST TRANSACTION
control field 20191204115313.0
008 - FIXED-LENGTH DATA ELEMENTS--GENERAL INFORMATION
fixed length control field 180828t1993 nyu f d 000 0 mul d
020 ## - INTERNATIONAL STANDARD BOOK NUMBER
International Standard Book Number 0870520776
020 ## - INTERNATIONAL STANDARD BOOK NUMBER
International Standard Book Number 9780870520778
040 ## - CATALOGING SOURCE
Original cataloging agency EG-ScBUE
Language of cataloging eng
Description conventions rda
Transcribing agency EG-ScBUE
Modifying agency EG-ScBUE
041 0# - LANGUAGE CODE
Language code of text/sound track or separate title alb
-- eng
082 04 - DEWEY DECIMAL CLASSIFICATION NUMBER
Classification number 491.991321
Item number HYS
Edition number 22
100 1# - MAIN ENTRY--PERSONAL NAME
Personal name Hysa, Ramazan,
Relator term author.
245 10 - TITLE STATEMENT
Title Albanian - English dictionary /
Statement of responsibility, etc Ramazan Hysa.
264 #1 - PUBLICATION, DISTRIBUTION, ETC. (IMPRINT)
Place of publication, distribution, etc New York :
Name of publisher, distributor, etc Hippocrene Books. Inc,
Date of publication, distribution, etc [1993]
264 #4 - PUBLICATION, DISTRIBUTION, ETC. (IMPRINT)
Date of publication, distribution, etc c 1993
300 ## - PHYSICAL DESCRIPTION
Extent 510 pages ;
Dimensions 22 cm.
336 ## - CONTENT TYPE
Source rdacontent
Content type term text
Content type code txt
337 ## - MEDIA TYPE
Source rdamedia
Media type term unmediated
Media type code n
338 ## - CARRIER TYPE
Source rdacarrier
Carrier type term volume
Carrier type code nc
490 0# - SERIES STATEMENT
Series statement Hippocrene standard dictionary
500 ## - GENERAL NOTE
General note Includes appendix.
546 ## - LANGUAGE NOTE
Language note Text in English and Albanian.
590 ## - LOCAL NOTE (RLIN)
Local note Eman kamel
650 #7 - SUBJECT ADDED ENTRY--TOPICAL TERM
Topical term or geographic name as entry element Albanian language
General subdivision Dictionaries
-- English.
Source of heading or term BUEsh
650 #7 - SUBJECT ADDED ENTRY--TOPICAL TERM
Topical term or geographic name as entry element English language
General subdivision Dictionaries
-- Albanian.
Source of heading or term BUEsh
653 ## - INDEX TERM--UNCONTROLLED
Resource For college Humanities: English
Arrived date list August2018
-- July2019
655 ## - INDEX TERM--GENRE/FORM
Form subdivision Reading book
942 ## - ADDED ENTRY ELEMENTS (KOHA)
Source of classification or shelving scheme Dewey Decimal Classification
Koha item type Reference (NB)
Holdings
Withdrawn status Lost status Source of classification or shelving scheme Damaged status Not for loan Collection code Home library Current library Shelving location Date acquired Source of acquisition Cost, normal purchase price Total Checkouts Full call number Barcode Date last seen Koha item type
    Dewey Decimal Classification     Alahram Central Library Central Library Second Floor 07/11/2013 Purchase 40.60   491.991321 HYS 000007373 15/07/2025 Reference (NB)